00981nam a2200289 a 450000100060000000300090000600800410001501500210005602000150007704000280009204100110012004300160013108200190014710000340016624500660020025000110026626000450027730000200032250000590034259800150040165000570041665000300047391700180050394200120052199900170053395201410055024234CO-ViMGA141112s2004 ck r 000 u spa d ack - 2004 - xxxx a9584208543 aCO-ViMGAbspacCO-ViMGA aspa -  as - ck - - 04a467.9861 F376d1 aFerro Medina, Germán91019010aDiccionario de palabras que mueren / cGermán Ferro Medina. a2a ed. aColombia : bPlaneta Colombiana, c2004. a140 p. ; 18 cm. aIncluye : datos biográficos de los autores en solapa aHISTORICAL14aEspañol - Palabras y frases - Diccionarios 93535914aPalabras en desuso935360 a4317 20040727 2ddccBK c32239d32239 00102ddc40708003aMEVIECARbMEVIECARd2015-12-04h29/feb/2012l0o467.9861 F376d p24262r2015-12-04 00:00:00tEj. 1w2015-12-04yBK